| 000 | 01145cam a22001934a 4500 | ||
|---|---|---|---|
| 005 | 20250605164007.0 | ||
| 008 | 250528s ||||||||||||||||||||||||d | ||
| 035 | _a15823 | ||
| 020 | _a63121741 | ||
| 040 |
_aGR-AtMCL _bgre _dGR-AtMCL _eAACR2 |
||
| 245 | 1 | _aChildhood Social Development / The Essential Readings | |
| 260 |
_bBlackwell Publishers, _c2000 |
||
| 300 | _a376 | ||
| 520 | _aThis book introduces students to the exciting and growing field of developmental psychology. Preface, Acknowledgements, Introduction: What is Social Development?, Social Relationships, Introduction to Part I, Attachments, Parenting, Friendships, Peer Relations, The School Context, Introduction to Part II, Bullying and Victimization, Friendship and School Adjustment, Extracurricular Activities, Gender and Identity and the Self and Moral Development, Introduction to Part III, Gender Differences, Self-Concept, Moral Reasoning, Aggression, Introduction to Part IV, Forms of Aggression, Development of Antisocial Behavior, Prevention of Conduct Disorders, Index. | ||
| 700 | 1 |
_aCraig Wendy _91828 |
|
| 942 | _cBK | ||
| 999 |
_c1374 _d1374 |
||